| Registos Bibliográficos associados ao registo de autoridade |
|
Etiqueta de registo: 00254nam 2200025 450 001 2285658 003 http://id.bnportugal.gov.pt/bib/catbnp/2285658 010 ## $a978-989-589-099-6 021 ## $aPT$b550415/25 100 ## $a20260504d2026 d y0pory01030103ba 101 1# $apor$ceng 102 ## $aPT 105 ## $aa z 000yy 106 ## $ar 200 1# $a O mundo espantoso de Cristiano Ronaldo$fNeal E. Fischer$gtrad. Nuno Santos 205 ## $a1ª ed 210 #9 $aLisboa$cBooksmile,$d2026 215 ## $a127, [1] p.$cil.$d24 cm 304 ## $aTít. orig.: The totally awesome world of Cristiano Ronaldo 675 ## $a087.5$vBN$zpor$3287999 675 ## $a929Ronaldo, Cristiano(0.053.5/.6)$vBN$zpor$32000860 675 ## $a796.33Ronaldo, Cristiano(0.053.5/.6)$vBN$zpor$32000861 700 #1 $aFischer,$bNeal E.$31997507 702 #1 $aSantos,$bNuno$4730$3115358 801 #0 $aPT$bBN$gRPC 856 41 $uhttp://rnod.bnportugal.gov.pt/ImagesBN/winlibimg.aspx?skey=&doc=2285658&img=223552&save=true 966 ## $lBN$mFGMON$sP. 73042 V.$x1 966 ## $lBN$mFGMON$sP. 73042 V.-D$x1 971 ## $cssilva$d20260504 973 ## $cmlsousa$d20260617
Etiqueta de registo: 00254nam 2200025 450 001 2285653 003 http://id.bnportugal.gov.pt/bib/catbnp/2285653 010 ## $a978-989-589-100-9 021 ## $aPT$b550417/25 100 ## $a20260504d2026 d y0pory01030103ba 101 1# $apor$ceng 102 ## $aPT 105 ## $aa z 000yy 106 ## $ar 200 1# $a O mundo espantoso de MrBeast$fNeal E. Fischer$gtrad. Nuno Santos 205 ## $a1ª ed 210 #9 $aLisboa$cBooksmile,$d2026 215 ## $a127, [1] p.$cil.$d24 cm 304 ## $aTít. orig.: The totally awesome world of MrBeast 675 ## $a004.73Beast$vBN$zpor$32000817 675 ## $a929Donaldson, Jimmy$vBN$zpor$32000816 700 #1 $aFischer,$bNeal E.$31997507 702 #1 $aSantos,$bNuno$4730$3115358 801 #0 $aPT$bBN$gRPC 856 41 $uhttp://rnod.bnportugal.gov.pt/ImagesBN/winlibimg.aspx?skey=&doc=2285653&img=223486&save=true 900 ## $aBIBNAC$d20260629 966 ## $lBN$mFGMON$sH.G. 89265 V.$x1 966 ## $lBN$mFGMON$sH.G. 89265 V.-D$x1 971 ## $cssilva$d20260504 972 ## $e0$z0$d20260629$vasantos 973 ## $caalmeid$d20260617
|
|
|